Statistics for 10 Highest Mountains in France

Click here to take the quiz!

General Stats

  • This quiz has been taken 20 times
  • The average score is 2 of 10

Answer Stats

Height (m)Answer% Correct
4,810Mont Blanc
100%
4,102Barre des Écrins
26%
4,122Aiguille Verte
11%
3,855Grande Casse
11%
3,901Aiguille d'Argentière
5%
3,984Meije
5%
3,946Mont Pelvoux
5%
3,954Ailefroide
0%
4,208Grand Jorasses
0%
3,913Pic Sans Norm
0%

Score Distribution

Percentile by Number Answered

Percent of People with Each Score

Your Score History

You have not taken this quiz